Meilleur marqueur du top 14 - Statistiques

Statistiques générales
  • Ce quiz a été pris 14 fois
  • Le résultat moyen est 3 sur 10
Statistiques - réponses
Classement Joueur % Correct
1 Vincent Clerc
100%
3 Aurélien Rougerie
45%
2 Maxime Médard
36%
6 Juan Imhoff
18%
4 Napolioni Nalaga
18%
10 Alivereti Raka
9%
7 Julien Arias
9%
5 Timoci Nagusa
9%
8 Waisea Nayacalevu
9%
9 Josua Tuisova
0%
Aucun quiz correspondant
Distribution des résultats
% des personnes avec chaque résultat
Percentile par nombre de réponses
Votre historique - résultats
Vous n’avez pas pris ce quiz